| 000 | 00493nam a2200193Ia 4500 | ||
|---|---|---|---|
| 005 | 20240823031118.0 | ||
| 008 | 240823s9999||||xx |||||||||||||| ||und|| | ||
| 020 | _a978-0-07-015362-2 | ||
| 041 | _aENGLISH | ||
| 082 | _A381.4 Q1 | ||
| 100 | _aGurusamy S | ||
| 245 | 0 | _aMerchant Banking and Financial Services | |
| 250 | _a3rd | ||
| 260 |
_c2011 _bMcGraw - Hill Higher Educ _aNew York |
||
| 500 | _aTRANSFERED | ||
| 650 |
_aBanking _bManagement Studies |
||
| 942 | _cBK | ||
| 999 |
_c190298 _d190298 |
||